| 000 | 00419 a2200121 4500 | ||
|---|---|---|---|
| 082 |
_a624.1771 _bBAS |
||
| 110 |
_aMinistry of defence _943007 |
||
| 245 |
_aMilitary engineering Volume -ii field engineering _bpamphlet no. 10 basic structure for operations |
||
| 260 |
_aLONDON _bHIS MAJESTY'S STATIONERY OFFICE |
||
| 500 | _aMAJESTY'S STATIONERY OFFICE | ||
| 526 |
_a0 _b0 _c0 _d624_177100000000000_BAS |
||
| 942 |
_2ddc _cBK |
||
| 999 |
_c546813 _d546813 |
||